| 000 | 00582nam a2200181 i 4500 | ||
|---|---|---|---|
| 001 | 68866 | ||
| 003 | ES-MaACL | ||
| 005 | 20230906170400.0 | ||
| 007 | t| | ||
| 008 | 931025s1883 be ||||1| fre d | ||
| 100 | 1 |
_aBaldacci, L. _924873 |
|
| 245 | 1 | 0 |
_aQuelques observations sur le tremblement de terre survenu a l'Ile d'Ischia le 28 de Juillet 1883 / _cpar L. Baldacci. |
| 260 |
_aLiège : _b[s.n.], _c1883 ( _fImp. de Leon de Thiers) |
||
| 300 |
_a19 p. ; _c22 cm. |
||
| 650 | 4 |
_aTerremotos- _zItalia. _9136926 |
|
| 651 | 4 |
_aIschia (Isla) _9173549 |
|
| 852 |
_aES-MaACL _jB-7690(9) |
||
| 999 |
_c68866 _d68866 |
||